Click The Doors Song Title Ending - Statistics

General Stats
  • This quiz has been taken 26 times
  • The average score is 32 of 50
Answer Stats
Hint Answer % Correct
Light My Fire
95%
Riders On The Storm
90%
Love Me Two Times
90%
Rock Is Dead
85%
People Are Strange
85%
L.A. Woman
85%
Roadhouse Blues
80%
Take It As It Comes
80%
Strange Days
80%
Ship Of Fools
80%
Touch Me
80%
Five To One
80%
Tell All The People
80%
Bird Of Prey
80%
Break On Through
80%
The End
75%
Been Down So Long
75%
Love Her Madly
75%
Maggie M'Gill
75%
The Unknown Soldier
75%
I Looked At You
75%
Twentieth Century Fox
70%
Spanish Caravan
65%
You're Lost Little Girl
65%
Summer's Almost Gone
65%
Yes, The River Knows
65%
The Crystal Ship
65%
Cars Hiss By My Window
65%
Wild Child
60%
Soul Kitchen
60%
Celebration Of The Lizard
60%
Back Door Man
60%
I Can't See Your Face In My Mind
60%
When The Music's Over
60%
The Soft Parade
60%
Moonlight Drive
55%
Land Ho!
55%
End Of The Night
55%
Waiting For The Sun
55%
Queen Of The Highway
50%
You Make Me Real
50%
Wishful Sinful
50%
Ghost Song
45%
Love Street
45%
Blue Sunday
45%
Peace Frog
40%
Horse Latitudes
35%
Crawling King Snake
35%
Whiskey, Mystics And Men
30%
Runnin' Blue
20%
No matching quizzes found
Score Distribution
Percent of People with Each Score
Percentile by Number Answered
Your Score History
You have not taken this quiz